00653 2200229 4500001002100000005001700021008004100038020002200079035002500101040001200126082001400138084001800152100002100170245006600191260003800257300003600295650002600331850001200357990001800369990001800387990001800405INLIS00000000001281820150915111912.0  a978-602-8986-71-7 a0010-091500000001331 aYOPDYOG 223a028.5 aT 028.5 Mar J aMARIA Christania aJerry giraffe and the giant butter cookiec/ Maria Christania aJakartabGramata Publishingc2015 aiii, 17 hlm.b: ilus.c; 25 cm. aAnak--Buku dan Bacaan aYOPDYOG a22537-PD/B.15 a22538-PD/B.15 a22539-PD/B.15